Recursos naturales de México (Record no. 148564)
[ view plain ]
| 000 -LEADER | |
|---|---|
| fixed length control field | 00845nam a22002177a 4500 |
| 005 - DATE AND TIME OF LATEST TRANSACTION | |
| control field | 20240417090513.0 |
| 008 - FIXED-LENGTH DATA ELEMENTS--GENERAL INFORMATION | |
| fixed length control field | 180809s mx gr|||| 0|0 0 spa|| |
| 020 ## - INTERNATIONAL STANDARD BOOK NUMBER | |
| International Standard Book Number | 9684271603 |
| 050 04 - LIBRARY OF CONGRESS CALL NUMBER | |
| Classification number | HC133.5 |
| Item number | B37 1991 |
| 050 04 - LIBRARY OF CONGRESS CALL NUMBER | |
| Classification number | QH77.M6 |
| Item number | B37 1989 |
| 100 1# - MAIN ENTRY--PERSONAL NAME | |
| Personal name | Bassols Batalla, Ángel. |
| 245 10 - TITLE STATEMENT | |
| Title | Recursos naturales de México |
| Remainder of title | : teoría, conocimiento y uso |
| Statement of responsibility, etc | / Ángel Bassols Batalla |
| 250 ## - EDITION STATEMENT | |
| Edition statement | 20a ed. |
| Remainder of edition statement | corregida y aum. |
| 260 ## - PUBLICATION, DISTRIBUTION, ETC. (IMPRINT) | |
| Place of publication, distribution, etc | México : |
| Name of publisher, distributor, etc | Nuestro Tiempo, |
| Date of publication, distribution, etc | 1991 |
| 300 ## - PHYSICAL DESCRIPTION | |
| Extent | 369 p. : |
| Other physical details | il. ; |
| Dimensions | 19 cm. |
| 490 0# - SERIES STATEMENT | |
| Series statement | Los Grandes Problemas Nacionales |
| 504 ## - BIBLIOGRAPHY, ETC. NOTE | |
| Bibliography, etc | Incluye bibliografía e índice |
| 650 #7 - SUBJECT ADDED ENTRY--TOPICAL TERM | |
| Source of heading or term | lemb |
| Topical term or geographic name as entry element | Recursos naturales renovables |
| General subdivision | Conservación de los recursos naturales |
| Form subdivision | Historia y critica |
| Geographic subdivision | México |
| 650 #7 - SUBJECT ADDED ENTRY--TOPICAL TERM | |
| Source of heading or term | lemb |
| Topical term or geographic name as entry element | Historia natural |
| General subdivision | Conservación de la biodiversidad |
| Geographic subdivision | México |
| 942 ## - ADDED ENTRY ELEMENTS (KOHA) | |
| Source of classification or shelving scheme | Biblioteca del Cogreso de los Estados Unidos |
| Koha item type | Libro |
| Estado de pérdida | Fuente de clasificación | Estado del daño | No para préstamo | Ubicación permanente | Ubicación actual | Apartado o colección | Fecha de adquisición | Edición | Área del conocimiento | Clasificación | Código de Barras | Date last seen | Número de copia | Costo por reposición | Tipo de recurso | Dependencia de educación superior (DES) | Total Checkouts |
|---|---|---|---|---|---|---|---|---|---|---|---|---|---|---|---|---|---|
| Biblioteca del Cogreso de los Estados Unidos | Biblioteca de la Facultad de Economía | Biblioteca de la Facultad de Economía | General | 17/04/2024 | 20a ed. | Ciencias Naturales y Exactas | QH77.M6 B37 1989 | BFE000005223 | 17/04/2024 | 1 | 1.00 | Libro | Ciencias Económico Administrativas | ||||
| Biblioteca del Cogreso de los Estados Unidos | Biblioteca de la Preparatoria Isaac Arriaga | Biblioteca de la Preparatoria Isaac Arriaga | General | 17/05/2019 | 20a ed. | Ciencias Naturales y Exactas | HC133.5 B37 1991 | PIA000003017 | 17/05/2019 | C:1 | 1.00 | Libro | |||||
| Biblioteca del Cogreso de los Estados Unidos | Biblioteca de la Preparatoria Melchor Ocampo | Biblioteca de la Preparatoria Melchor Ocampo | General | 06/04/2022 | 20a. ed. | Ciencias Sociales y Administrativas | HC133 .5 B37 1989 | PMO000002573 | 06/04/2022 | C: 1 | 1.00 | Libro |